Uloom-e-jadeed ki Islami tashkeel (Urdu) (Record no. 42487)
[ view plain ]
| 000 -LEADER | |
|---|---|
| fixed length control field | 00565nam a2200193Ia 4500 |
| 001 - CONTROL NUMBER | |
| control field | 44494 |
| 008 - FIXED-LENGTH DATA ELEMENTS--GENERAL INFORMATION | |
| fixed length control field | 140428s9999 xx 000 0 und d |
| 020 ## - INTERNATIONAL STANDARD BOOK NUMBER | |
| International Standard Book Number | NA |
| 040 ## - CATALOGING SOURCE | |
| Transcribing agency | PK-LaUMT |
| 082 ## - DEWEY DECIMAL CLASSIFICATION NUMBER | |
| Classification number | RHC 297.07 |
| Item number | ISM-I |
| 100 ## - MAIN ENTRY--PERSONAL NAME | |
| Personal name | Ismael Alraji Farooqi |
| 245 ## - TITLE STATEMENT | |
| Title | Uloom-e-jadeed ki Islami tashkeel (Urdu) |
| Remainder of title | amoomi usool aur khatoot-e-kaar |
| Statement of responsibility, etc | Ismael Alraji Farooqi<>Saleem, Muhammad |
| 260 ## - PUBLICATION, DISTRIBUTION, ETC. (IMPRINT) | |
| Place of publication, distribution, etc | Lahore,Pakistan: |
| Name of publisher, distributor, etc | Idarah Taleemi Tehqeeq, |
| Date of publication, distribution, etc | 1989 |
| 300 ## - PHYSICAL DESCRIPTION | |
| Extent | 100 p. |
| 546 ## - LANGUAGE NOTE | |
| Language note | UR |
| 650 ## - SUBJECT ADDED ENTRY--TOPICAL TERM | |
| Topical term or geographic name as entry element | Islamic education |
| 700 ## - ADDED ENTRY--PERSONAL NAME | |
| Personal name | Saleem, Muhammad |
| 942 ## - ADDED ENTRY ELEMENTS (KOHA) | |
| Koha item type | Books |
| Withdrawn status | Lost status | Damaged status | Not for loan | Home library | Current library | Date acquired | Total Checkouts | Full call number | Barcode | Date last seen | Price effective from | Koha item type |
|---|---|---|---|---|---|---|---|---|---|---|---|---|
| UMT Main Campus | UMT Main Campus | 2014-04-28 | RHC 297.07 ISM-I | 48035 | 2014-05-06 | 2014-05-06 | Books |
